| 000 | 00620nam a2200181 a 4500 | ||
|---|---|---|---|
| 001 | 000040586 | ||
| 005 | 20201002034231.0 | ||
| 008 | 130902s2007 pa 000 0 spa d | ||
| 020 | _a9788478842889 | ||
| 040 |
_aDO-SdBNP _bspa _cBNPHU |
||
| 245 | 0 | 0 |
_aCuentos panameños : _bantología de narrativas pañameña contemporánea / _cRogelio Siñan, ...[et.al]. |
| 260 |
_aMadrid : _bEditorial Popular, _c2007. |
||
| 300 |
_a111 p. ; _c20 cm. |
||
| 490 | 1 | _aLetras Grande | |
| 500 | _aIncluye referencias bibliográficas y notas al pie de las páginas | ||
| 700 | 1 |
_aSiñan, Rogelio _966918 |
|
| 830 | 0 |
_aLetras Grande _966917 |
|
| 999 |
_c40076 _d40076 |
||